00984nam a2200205 a 4500008004100000020001500041041000800056100003600064245007500100250002100175260003500196300001100231500011000242653007600352653007700428653006100505653008300566653006400649653006500713110705s1999 sp ||||f |||| 001 0 spa d a8478851674 aspa1 aVázquez Barquero, José Luis aPsiquiatría en atención primaria /cJosé Luis Vázquez Barquero a1a ed. 2a reimp. aMadrid:bAula Médica;c1999. a905 p. aVázquez Barquero, J. L. (1999). Psiquiatría en atención primaria. (1a ed.). Madrid : Aula Médica. aExtensión y naturaleza de la enfermedad mental en atención primaria aEvaluación del paciente con trastornos mentales en atención primaria aClínica de la enfermedad mental en atención primaria aTratamiento y manejo del paciente con enfermedad mental en atención primaria aPrevención de la enfermedad mental en atención primaria aRepercusiones de la enfermedad mental en atención primaria